000 00363nam a22001577a 4500
003 OSt
008 260324b |||||||| |||| 00| 0 eng d
020 _a9789364488136
082 _a294.5923 DUM
100 _aDUTT,Ramnaryan
245 _aMahabharat Vol.1
250 _a23th Ed
260 _aGorakhpur
_bGeeta Press
_c2025
300 _a1070p
942 _2ddc
_cREF
999 _c13890
_d13890